000 00785nam a2200241 a 4500
001 000040514
003 DO-SdBNP
005 20210630171352.0
008 130829s1983 dr 000 0 spa d
020 _a8449993016
040 _aDO-SdBNP
_bspa
_cBNPHU
082 _a972.93054
_bB171e
245 1 0 _aEntre la sangre del 30 de mayo y la del 24 de abril /
_cJoaquín Balaguer.
260 _aSanto Domingo :
_bGráficas,
_c1983.
300 _a318 p. ;
_c25 cm.
490 1 _aDiscursos
_v8
504 _aIncluye referencias bibliográficas y notas al pie de las páginas
590 _aInventariado, 2019/MFF
651 1 4 _aRepública Dominicana
_xPolítica y gobierno
_y1961-
_9204
830 0 _aDiscursos
_v8
_912120
910 _aValidado. Control de calidad MFF
942 _2ddc
_cLBS1
999 _c40004
_d40004